logo

Bir Sreshtho Munshi Abdur Rouf Library
Jhenaidah Cadet College

Advanced instrumentation and computer I/O design : (Record no. 14081)

MARC details
000 -LEADER
fixed length control field 01098cam a2200301 a 4500
001 - CONTROL NUMBER
JCCL Control Number 14081
003 - CONTROL NUMBER IDENTIFIER
JCCL marc code BD-JhCC
005 - DATE AND TIME OF LATEST TRANSACTION
control field 20240919112657.0
008 - FIXED-LENGTH DATA ELEMENTS--GENERAL INFORMATION
fixed length control field 931004r19941987nyua b 001 0 eng
020 ## - INTERNATIONAL STANDARD BOOK NUMBER
International Standard Book Number 9780470544099
035 ## - SYSTEM CONTROL NUMBER
system control number (BD-JhCC)14081
040 ## - CATALOGING SOURCE
Original cataloging agency DLC
Transcribing agency DLC
Modifying agency DLC
041 ## - LANGUAGE CODE
Language code of Book eng
050 00 - LIBRARY OF CONGRESS CALL NUMBER
Classification number TK7887.5
Item number .G368 1994
082 00 - DEWEY DECIMAL CLASSIFICATION NUMBER
Classification number 621.3981
DDC Edition number 20
Author mark and Year GAR 1994
100 1# - MAIN ENTRY--PERSONAL NAME
Personal name Garrett, Patrick H.
245 10 - TITLE STATEMENT
Title Advanced instrumentation and computer I/O design :
Remainder of title real-time system computer interface engineering /
Statement of responsibility, etc Patrick H. Garrett.
260 ## - PUBLICATION, DISTRIBUTION, ETC. (IMPRINT)
Place of publication, distribution, etc New York :
Name of publisher, distributor, etc IEEE Press,
Date of publication, distribution, etc 1994.
300 ## - PHYSICAL DESCRIPTION
Pagination ix, 292 p. :
Other physical details ill. ;
Dimensions 25 cm.
500 ## - GENERAL NOTE
General note Previously published: Computer inferface engineering for real-time systems: a model-based approach. IEEE Press ed. Prentice-Hall, c1987.
500 ## - GENERAL NOTE
General note "IEEE order no. PC04143"--T.p. verso.
504 ## - BIBLIOGRAPHY, ETC. NOTE
Bibliography, etc Includes bibliographical references and index.
650 #0 - SUBJECT ADDED ENTRY--TOPICAL TERM
Topical term or geographic name as entry element Computer interfaces.
650 #0 - SUBJECT ADDED ENTRY--TOPICAL TERM
Topical term or geographic name as entry element Computer input-output equipment
General subdivision Design
-- Data processing.
650 #0 - SUBJECT ADDED ENTRY--TOPICAL TERM
Topical term or geographic name as entry element Computer-aided engineering.
942 ## - ADDED ENTRY ELEMENTS (KOHA)
Source of classification or shelving scheme Dewey Decimal Classification
Koha item type Books
Holdings
Source of classification or shelving scheme Damaged status Not for loan Home library Current library Shelving location Date of accession Source of acquisition Cost, normal purchase price Total Checkouts Full call number Barcode Date last seen Copy number Method of acquisition Koha item type Currency
Dewey Decimal Classification     JCC Rouf Library JCC Rouf Library General Stacks 09/19/2024 With the Compliments Of Shahriar Imtiaz Rahman 27/1483/K 1699.00   621.3981 GAR 1994 19700 09/19/2024 C-1 Gift/Donation Books BDT

JCC Library | Contacts | JCC Home

Last Update on 23 September 2017
Copyright @ 2017-2020 JCC Rouf Library
Rouf Library, Jhenidah Cadet College (JCC), Bangladesh